1638 1328 1075 1047 1786 1286 1283 1570 1001 1517 1362 1869 1950 1602 1711 1788 1135 1248 1337 1408 1662 1288 1022 1109 1499 1763 1951 1216 1642 1630 1456 1703 1533 1802 1245 1994 1904 1853 1140 1952 1589 1500 1346 1439 1535 1341 1486 1582 1995 1890 1593 1147 1165 1424 1963 1946 1088 1090 1162 1422 1599 1688 1808 1104 1654 1041 1879 1744 1188 1350 1542 1703 1743 1065 1323 1602 1251 1008 1560 1861 1107 1460 1090 1029 1371 1430 1677 1544 1927 1324 1097 1172 1216 1408 1293 1990 1171 1386 1653 BCNSPRNW ULIB Ver.6.0+V

เปลี่ยนเป็นภาษาไทย

Change to English
 แสดงรายละเอียดบรรณานุกรม
  กลับหน้าหลัก

Brief Record : Get Marc (ISO 2709) : E-mail record : QR code < ปิดหน้าต่าง
LEADER : 00000nam 2200000uu 4500
001    13399124614
003     ULIB
008    151022s2557||||th 000 0 tha d
020    9789743506154
060 04 ^aWB310^bค695
245 00 ^aคู่มือผู้ให้บริการสาธารณสุข : ^bกฎหมายและแนวทางการปฏิบัติที่เกี่ยวข้องกับการดูแลผู้ป่วยระยะสุดท้าย /^c[คณะกรรมการที่ปรึกษาเพื่อส่งเสริมการใช้สิทธิและหน้าที่ด้านสุขภาพ ศูนย์กฎหมายสุขภาพและจริยศาสตร์ คณะนิติศาสตร์ มหาวิทยาลัยธรรมศาสตร์, เครือข่าย Palliative Care ในโรงเรียนแพทย์]
250    พิมพ์ครั้งที่ 3
260    ^aนนทบุรี :^bสำนักงานคณะกรรมการสุขภาพแห่งชาติ,^c2557
300    ^a54 หน้า ;^c29 ซม.
650  0 ^aTerminal care
650  0 ^aTerminal care^xLaw and legislation
650  0 ^aPalliative treatment
650  4 ^aผู้ป่วยระยะสุดท้าย^xการดูแล
650  4 ^aผู้ป่วยระยะสุดท้าย^xกฎหมายและระเบียบข้อบังคับ
650  4 ^aการรักษาเพื่อบรรเทาอาการ
650  4 ^aผู้ป่วยหนัก, การดูแล
710 2  ^aมหาวิทยาลัยธรรมศาสตร์.^bคณะนิติศาสตร์. ^bศูนย์กฎหมายสุขภาพและจริยศาสตร์.
710 2  ^aเครือข่าย Palliative Care ในโรงเรียนแพทย์
710 2  ^aสำนักงานคณะกรรมการสุขภาพแห่งชาติ
945    ^p0^l0^i000146
999    ^aเกษร โพธิ์สุวรรณ
รายการนี้ยังไม่มีแท็ก
คุณยังไม่ได้ล็อกอิน คุณสามารถมีกิจกรรมร่วมกับเว็บไซต์ได้ แต่ต้องล็อกอินก่อน ::
  ล็อกอิน

รายการสื่อสารสนเทศ

ลำดับที่ ประเภท เลขเรียก/บาร์โค้ด สถานที่ สถานะ
1. วิทยาศาสตร์การแพทย์ และสุขภาพ
หนังสือสำรอง
สถานะ=หนังสือสำรอง
WB310 ค695 ฉ.1 
  Barcode: 000146
ห้องสมุดวิทยาเขตสวรรค์ประชารักษ์
►หนังสือทั่วไป
บนชั้น

รายการใกล้เคียง
    หัวเรื่อง [Terminal care]
    หัวเรื่อง [Palliative treatment]
    หัวเรื่อง [การรักษาเพื่อบรรเทาอาการ]
    หัวเรื่อง [ผู้ป่วยหนัก, การดูแล]

BibComment


ยังไม่เคยถูกคอมเมนท์

คอมเมนท์ทรัพยากรรายการนี้
  คอมเมนท์: คู่มือผู้ให้บริก..


 Copyright 2026. Bcnsprnw @Library